Too Many Video Game Characters Click Quiz - Statistics

General Stats
  • This quiz has been taken 53 times
  • The average score is 10 of 40
Answer Stats
Hint Answer % Correct
Crash Bandicoot PlayStation
47%
Master Chief X-Box
47%
Pac-Man Arcade
44%
Spyro the Dragon PlayStation
42%
Pikachu Game Boy
40%
Kratos PlayStation 2
40%
Donkey Kong Arcade
35%
Yoshi Super Nintendo
35%
Bowser NES
33%
Conker the Squirrel Nintendo 64
33%
Banjo & Kazooie Nintendo 64
33%
Gordon Freeman PC
33%
Sonic the Hedgehog Sega Genesis
33%
Mario Arcade
28%
Q*bert Arcade
28%
Sans & Papyrus PC
28%
Star Fox Super Nintendo
28%
Duke Nukem PC
26%
Parappa the Rapper PlayStation
26%
Wario Game Boy
23%
Pikmin GameCube
23%
Mega Man NES
23%
Leon Kennedy PlayStation
23%
M. Bison Arcade
19%
Max Payne PC
19%
Alex Kidd Sega Master System
19%
Pyramid Head PlayStation 2
16%
Nathan Drake PlayStation 3
16%
Rabbids Nintendo Wii
14%
Commander Keen PC
14%
Agent 47 PC
14%
Sackboy PlayStation 3
14%
Big the Cat Sega Dreamcast
14%
Kirby Game Boy
12%
Solid Snake NES
12%
Tom Nook Nintendo 64
9%
Bubsy Super Nintendo
7%
Gex Panasonic 3DO
5%
Bonk the Caveman Turbografx-16
5%
Lara Croft Sega Saturn
0%
No matching quizzes found
Score Distribution
Percent of People with Each Score
Percentile by Number Answered
Your Score History
You have not taken this quiz